La tuberculosi dei polmoni e delle pleure / (Record no. 96695)

MARC details
000 -LEADER
campo de control de longitud fija 00527nam a2200181 i 4500
001 - NÚMERO DE CONTROL
campo de control 96695
003 - IDENTIFICADOR DE NÚMERO DE CONTROL
campo de control ES-MaACL
005 - FECHA Y HORA DE LA ÚLTIMA TRANSACCIÓN
campo de control 20250730025317.0
007 - CAMPO FIJO DE DESCRIPCIÓN FÍSICA--INFORMACIÓN GENERAL
campo de control de longitud fija t|
008 - DATOS DE LONGITUD FIJA--INFORMACIÓN GENERAL
campo de control de longitud fija 050629s1933 gw ||||1| ita d
100 1# - ENTRADA PRINCIPAL--NOMBRE DE PERSONA
Nombre de persona Mancini, Stefano.
9 (RLIN) 75933
245 13 - MENCIÓN DEL TÍTULO
Título La tuberculosi dei polmoni e delle pleure /
Mención de responsabilidad, etc. del Prof. Dott. Stefano Mancini.
260 ## - PUBLICACIÓN, DISTRIBUCIÓN, ETC.
Lugar de publicación, distribución, etc. Leipzig :
Nombre del editor, distribuidor, etc. Georg Thieme,
Fecha de publicación, distribución, etc. 1933.
300 ## - DESCRIPCIÓN FÍSICA
Extensión 1135 p. :
Otras características físicas il. ;
Dimensiones 26 cm.
650 07 - PUNTO DE ACCESO ADICIONAL DE MATERIA--TÉRMINO DE MATERIA
Término de materia o nombre geográfico como elemento de entrada Tuberculosis
Fuente del encabezamiento o término embne
9 (RLIN) 17658
852 ## - LOCALIZACIÓN
Ubicación ES-MaACL
Número de control de estantería E-1287
Holdings
Estatus retirado Estado de pérdida Estado de daño No para préstamo Biblioteca de origen Biblioteca actual Ubicación en estantería Fecha de adquisición Fuente de adquisición Total de préstamos Signatura topográfica completa Código de barras Visto por última vez Precio de reemplazo Tipo de ítem Koha
        Biblioteca del Ateneo de Madrid Biblioteca del Ateneo de Madrid Depósito 2 17/01/2008     E-1287 1100948 23/02/2023 23/02/2023 Libro impreso